000 00295nam a2200121Ia 4500
008 220204s9999 xx 000 0 und d
082 _a028.289583
_bHOR
100 _aHorer, Oswald L
245 0 _aStructure of biopolymers
260 _aKent
_bAbacus
_c1970
650 _aBiopolymers
942 _cBK
999 _c31990
_d31990